| 000 | 00962cam a22002892 4500 | ||
|---|---|---|---|
| 001 | 29254 | ||
| 003 | UkOxU | ||
| 005 | 20211209051405.0 | ||
| 008 | 140403s1969 mauac b 001 0 eng d | ||
| 035 | _aBD-RjUL) 29339 | ||
| 040 |
_aDLC _cDLC _dEQO _dBD-RjUL _beng |
||
| 041 | _aeng | ||
| 082 | 0 | 4 |
_a150 _bMUI 1969 |
| 100 | 1 |
_aMunn, Norman Leslie, _d1902- _988385 |
|
| 245 | 1 | 0 |
_aIntroduction to psychology / _cby Norman L. Munn, L. Dodge Fernald, Jr. and Peter S. Fernald. |
| 250 | _a2nd ed. | ||
| 260 |
_aBoston : _bHoughton Mifflin, _cc1969. |
||
| 300 |
_axvi, 752 p. : _bill. ; _c24 cm. |
||
| 500 | _aPrevious ed. abridged from Psychology; the fundamentals of human adjustment, 4th ed. | ||
| 504 | _aBibliography: p. 703-738. and Index. | ||
| 650 | 0 |
_aPsychology. _989296 |
|
| 700 | 1 |
_aFernald, L. Dodge _q(Lloyd Dodge), _d1929- _989297 |
|
| 700 | 1 |
_aFernald, Peter S. _988357 |
|
| 942 |
_2ddc _cBK |
||
| 999 |
_c29254 _d29254 |
||